00369nam a2200109Ia 4500082001200000245002700012100006000039942000700099008004100106999001700147952009500164 aEF BRAD 0aThe women in his life  a BRADFORD, Barbara Taylor London, 1991 - 1994 96180 cBK210817s9999 xx 000 0 und d c60323d60322 00104070aCAROLbCAROLd2021-08-17g57.71l0p33228009526094r2021-08-17w2021-08-17yBK